000
00332nam a2200169Ia 4500
100
_a
Gargenta/Marko
650
_a
Android
942
_c
BK
366
_f
25
654
_a
android
245
_a
Learning Android
260
_b
SPD
_c
2011
082
_a
5.133
_b
GAR
300
_a
245
546
_a
ENGLISH
_c
Computers
999
_c
28344
_d
28344